| 000 | 00933nam a2200313 i 4500 | ||
|---|---|---|---|
| 001 | 10456 | ||
| 003 | ES-MaACL | ||
| 005 | 20230906145907.0 | ||
| 007 | t| | ||
| 008 | 950627s1994 sp f |||| |dspa d | ||
| 020 | _a84-08-01190-1 | ||
| 080 | _a904(623) | ||
| 080 | _a726.82.032.2 | ||
| 100 | 1 |
_aRomer, John. _999290 |
|
| 245 | 1 | 3 |
_aLa violación de Tutankamón / _cJohn y Elizabeth Romer ; traducción de Carlos Lagarriga. |
| 250 | _a1ª ed. | ||
| 260 |
_aBarcelona : _bPlaneta, _c1994. |
||
| 300 |
_a223 p., [24] p. de lám. ; _c21 cm. |
||
| 490 | 1 | _aDocumento | |
| 500 | _aÍndices. | ||
| 504 | _aBibliografía : p. 215-218. | ||
| 600 | 0 | 4 |
_aTutankhamon _cRey de Egipto. _9111780 |
| 651 | 4 |
_aValle de los Reyes- _xRestos arqueológicos. _99512 |
|
| 700 | 1 |
_aRomer, Elizabeth. _999289 |
|
| 700 | 1 |
_aLagarriga, Carlos. _969560 |
|
| 830 | 0 |
_aDocumento _9177347 |
|
| 852 |
_aES-MaACL _jL-17910 |
||
| 999 |
_c10456 _d10456 |
||